000 00425nam a2200181Ia 4500
005 20250423100946.0
008 250422s9999 xx 000 0 und d
020 _a9781119019657
050 _aTA 710 .B83/
100 _aBudhu, Muni
245 0 _aSoil mechanics fundamentals
260 _aUnited State
260 _bWILEY Blackwell
260 _c2018
300 _a334 p
650 _a Soil mechanics.
942 _cBK
999 _c34860
_d34860